[Event "Wch FIDE Online U16 Girls Europe qual"]
[Site "Tornelo INT"]
[Date "2020.12.08"]
[Round "4"]
[White "Simonova, Stela"]
[Black "Petkova, Irina"]
[Result "1/2-1/2"]
[WhiteElo "1516"]
[BlackElo "1233"]
[PlyCount "75"]
[EventDate "2020.12.07"]
[EventType "swiss (rapid)"]
[EventRounds "7"]
[EventCountry "ISS"]
[SourceTitle "EXT 2022"]
[Source "ChessBase"]
[SourceDate "2021.10.06"]
[SourceVersion "1"]
[SourceVersionDate "2021.10.06"]
[SourceQuality "1"]

1. d4 d5 2. Bf4 Nf6 3. e3 e6 4. Nd2 c5 5. c3 Nc6 6. Ngf3 Be7 7. Bd3 Bd6 8. Bxd6 Qxd6 9. h3 0-0 10. 0-0 e5 11. dxe5 Nxe5 12. Nxe5 Qxe5 13. Nf3 Qe7 14. Re1 Ne4 15. Qc2 Bf5 16. c4 dxc4 17. Qxc4 Rfd8 18. Rad1 a6 19. a4 Rab8 20. Qc2 b5 21. axb5 axb5 22. Bxe4 Bxe4 23. Qe2 c4 24. Rxd8+ Rxd8 25. Nd4 Bd3 26. Qd2 Qc5 27. Qa5 Rb8 28. Rc1 h6 29. Qd2 Qb6 30. Qc3 b4 31. Qd2 Rc8 32. Qe1 Qa5 33. Qd1 Qa2 34. Qd2 Qa4 35. Qe1 Qa2 36. Qd2 Qa4 37. Qe1 Qa2 38. Qd2 1/2-1/2

[Event "Primorsko op"]
[Site "Primorsko"]
[Date "2020.09.22"]
[Round "9"]
[White "Petkova, Irina"]
[Black "Nahornyi, Ihor"]
[Result "0-1"]
[WhiteElo "1498"]
[BlackElo "2042"]
[PlyCount "52"]
[EventDate "2020.09.14"]
[EventType "swiss"]
[EventRounds "9"]
[EventCountry "BUL"]
[SourceTitle "CBM 198 Extra"]
[Source "ChessBase"]
[SourceDate "2020.11.30"]
[SourceVersion "1"]
[SourceVersionDate "2020.11.30"]
[SourceQuality "1"]

1. d4 Nf6 2. c4 e6 3. Nf3 b6 4. g3 Ba6 5. Qc2 c5 6. Bg2 Nc6 7. dxc5 Bxc5 8. a3 Rc8 9. Nbd2 Be7 10. Qa4 Bb7 11. 0-0 0-0 12. b4 d5 13. cxd5 Nxd5 14. Bb2 Bf6 15. Bxf6 Qxf6 16. Ne4 Qe7 17. Rac1 f5 18. Ned2 Qf6 19. Qb3 Qe7 20. e4 fxe4 21. Nxe4 a6 22. Nc3 Nc7 23. Rce1 Rxf3 24. Bxf3 Nd4 25. Bxb7 Nxb3 26. Bxc8 Qe8 0-1

[Event "Primorsko op"]
[Site "Primorsko"]
[Date "2020.09.15"]
[Round "2"]
[White "Genov, Petko"]
[Black "Petkova, Irina"]
[Result "1-0"]
[WhiteElo "2206"]
[BlackElo "1498"]
[PlyCount "95"]
[EventDate "2020.09.14"]
[EventType "swiss"]
[EventRounds "9"]
[EventCountry "BUL"]
[SourceTitle "CBM 198 Extra"]
[Source "ChessBase"]
[SourceDate "2020.11.30"]
[SourceVersion "1"]
[SourceVersionDate "2020.11.30"]
[SourceQuality "1"]

1. d4 Nf6 2. Nf3 e6 3. c4 d5 4. Nc3 Bb4 5. cxd5 exd5 6. Bg5 Nbd7 7. Nd2 Be7 8. e3 0-0 9. Be2 Re8 10. 0-0 Nf8 11. Qc2 h6 12. Bxf6 Bxf6 13. Bf3 Be6 14. Qb3 c6 15. Qxb7 Rb8 16. Qxc6 Rxb2 17. Nb3 Rc2 18. Rfc1 Rxc1+ 19. Rxc1 Ng6 20. Nxd5 Nh4 21. Nf4 Nxf3+ 22. Qxf3 Qb6 23. Qc6 Qxc6 24. Rxc6 Bxb3 25. axb3 Bxd4 26. Kf1 Be5 27. Nd5 Rd8 28. e4 Kf8 29. f4 Bd6 30. Ke2 Ke8 31. b4 Kd7 32. Ra6 Bb8 33. b5 Re8 34. Kd3 Re6 35. Ra2 Kc8 36. g4 Kb7 37. h4 f6 38. Rg2 g5 39. hxg5 hxg5 40. f5 Rd6 41. Kc4 a6 42. bxa6+ Rxa6 43. Rb2+ Ka7 44. Nb4 Be5 45. Nxa6 Bxb2 46. Nc5 Kb8 47. Kd5 Kc7 48. Ke6 1-0

[Event "Plovdiv ChessBomb op 2nd"]
[Site "Plovdiv"]
[Date "2016.07.15"]
[Round "5"]
[White "Petkova, Irina"]
[Black "Katsarov, Hristo"]
[Result "0-1"]
[WhiteElo "1158"]
[BlackElo "1467"]
[PlyCount "42"]
[EventDate "2016.07.12"]
[EventType "swiss"]
[EventRounds "7"]
[EventCountry "BUL"]
[SourceTitle "CBM 173 Extra"]
[Source "ChessBase"]
[SourceDate "2016.08.29"]
[SourceVersion "1"]
[SourceVersionDate "2016.08.29"]
[SourceQuality "1"]

1. e4 c5 2. Nf3 Nf6 3. Nc3 Nc6 4. Bb5 Qc7 5. Bc4 g6 6. d3 Bg7 7. Be3 d6 8. h3 0-0 9. Qc1 Be6 10. Bxe6 fxe6 11. Bh6 d5 12. e5 Nxe5 13. Qe3 Nxf3+ 14. gxf3 Bxh6 15. Qxh6 Qe5+ 16. Qe3 Qxe3+ 17. fxe3 a6 18. e4 Rad8 19. 0-0-0 b5 20. e5 Nd7 21. Rde1 Rxf3 0-1

[Event "Plovdiv ChessBomb op 2nd"]
[Site "Plovdiv"]
[Date "2016.07.13"]
[Round "3"]
[White "Vasileva, Cveta"]
[Black "Petkova, Irina"]
[Result "1-0"]
[WhiteElo "1588"]
[BlackElo "1158"]
[PlyCount "41"]
[EventDate "2016.07.12"]
[EventType "swiss"]
[EventRounds "7"]
[EventCountry "BUL"]
[SourceTitle "CBM 173 Extra"]
[Source "ChessBase"]
[SourceDate "2016.08.29"]
[SourceVersion "1"]
[SourceVersionDate "2016.08.29"]
[SourceQuality "1"]

1. d4 d5 2. c4 c6 3. Nc3 Nf6 4. Nf3 Bf5 5. e3 g6 6. Qb3 b6 7. Ne5 e6 8. f3 dxc4 9. Bxc4 b5 10. Be2 Bd6 11. e4 Bxe5 12. dxe5 Nfd7 13. exf5 Nxe5 14. fxe6 Na6 15. Be3 0-0 16. 0-0 Nc7 17. exf7+ Nxf7 18. Rad1 Qe7 19. Ne4 Nd5 20. Bc5 Qe5 21. Bxf8 1-0